000 00350nam a2200121Ia 4500
008 190216s9999||||xx |||||||||||||| ||und||
100 _aKapoor V K & Sumant Kapoor
245 0 _aOperation Research Technics For Management
260 _bCalicut University Central Co-Operative
_c1985
300 _aa.51p
650 _aOperation Research
942 _cBK
999 _c6074
_d6074